000 01954 a2200265 4500
003 Nust
005 20221212105732.0
010 _a 93198528
020 _a0412477602 :
040 _cNust
082 0 0 _a621.3822,DIG
245 0 0 _aDigital signal processing in telecommunications /
_cedited by F.A. Westall and S.F.A. Ip.
250 _a1st ed.
260 _aLondon ;
_aNew York :
_bChapman & Hall,
_c1993.
300 _axi, 486 p. :
_bill. ;
_c24 cm.
440 0 _aBT telecommunications series ;
_v3
_9104620
505 _aDigital signal processing in telecommunications.(Page-1), Fixed filtering - a review and some new ideas (Page-38), Adaptive filters - a review of techniques. (Page-67), Adaptive filtering - applications in telephony (Page-111), A signal processing application development environment (Page-139), A low-complexity high-speed digital subscriber loop transceiver (Page-161), An application of DSP to voiceband modems (Page-178), Block coding for voiceband modems (Page-217), Correlative-level Mod(N) encoding and near-maximum likelihood decoding (Page-238), A review of digital signal processing techniques in speech analysis (Page-263), Speech coding for telecommunications. (Page-300), The DSP development platform for the Skyphone speech codec (Page-326), The DSP network emulator for subjective assessment (Page-352), A hybrid bandsplitting acoustic noise canceller (Page-373) Video codec design using DSP devices (Page-400), Digital implementation of neural networks DSP in network modelling and measurement (Page-443).
650 0 _aSignal processing
_xDigital techniques.
_955548
650 0 _aTelecommunication Engineering
700 1 _aIp, S. F. A.
_9104621
700 1 _aWestall, F. A.
_9104622
856 4 2 _3Publisher description
_uhttp://www.loc.gov/catdir/enhancements/fy0821/93198528-d.html
856 4 2 _3Table of contents only
_uhttp://www.loc.gov/catdir/enhancements/fy0821/93198528-t.html
942 _2ddc
_cBK
999 _c182746
_d182746